02567cam a22002895a 45000010009000000050017000090080041000260100017000670200018000840350024001020400111001260430012002370820023002491000031002722450084003032600029003873000034004165040067004505050447005175201020009646500033019846500050020176530024020679420008020919990017020999520161021161846954520161015122028.0150129t2015 enka frb 001 0 eng d a 2015932198 a9781446247006 a(OCoLC)ocn921169973 aBEDGEbengcBEDGEdOCLCOdBTCTAdBDXdYDXCPdOCLCOdLGGdOCLCFdINUdCDXdIULdOCLCQdCHVBKdDLCdEG-ScBUE ae------04a320.52094bWOD2221 aWodak, Ruth,d1950-94068214aThe politics of fear :bwhat right-wing populist discourses mean /cRuth Wodak. aLondon :bSage,cc.2015. axvi, 238 p. :bill. ;c24 cm. aIncludes bibliographical references (pages 211-230) and index.0 a1. Populism and politics: transgressing norms and taboos -- 2. Theories and definitions: the politics of identity -- 3. Borders and the people: the politics of exclusion -- 4. Language and identity: the politics of nationalism -- 5. Antisemitism: the politics of denial -- 6. Performance and the media: the politics of charisma -- 7. Gender and the body politic: the politics of patriarchy -- 8. Mainstreaming: the normalization of exclusion.3 a"Populist right-wing politics is moving centre-stage, with some parties reaching the very top of the electoral ladder: but do we know why, and why now? In this book the author traces the trajectories of such parties from the margins of the political landscape to its centre, to understand and explain how they are transforming from fringe voices to persuasive political actors who set the agenda and frame media debates. Laying bare the normalization of nationalistic, xenophobic, racist and antisemitic rhetoric, she builds a new framework for this 'politics of fear' that is entrenching new social divides of nation, gender and body. The result reveals the micro-politics of right-wing populism: how discourses, genres, images and texts are performed and manipulated in both formal and also everyday contexts with profound consequences. This book is a must-read for scholars and students of linguistics, media and politics wishing to understand these dynamics that are re-shaping our political space."--Publisher. 0aConservatismzEurope.2BUEsh 0aDiscourse analysisxPolitical aspects.2BUEsh bBUSBOLcOctober2016 2ddc c22576d22548 00102ddc40708AcademicaMAINbMAINc1STd2016-10-15ePurchaseg336.00h9130l4m58o320.52094 WODp000034075r2025-07-15 00:00:00s2021-10-10v420.00yBB